header

Atomic structure prediction of nanostructures, clusters and surfaces (Record no. 170851)

MARC details
000 -LEADER
fixed length control field 01232nam a2200313 a 4500
100 1# - MAIN ENTRY--AUTHOR NAME
Personal name Ciobanu, Cristian V.
245 10 - TITLE STATEMENT
Title Atomic structure prediction of nanostructures, clusters and surfaces
260 ## - PUBLICATION, DISTRIBUTION, ETC. (IMPRINT)
Place of publication Weinheim [German] :
Name of publisher Wiley,
Year of publication 2013.
300 ## - PHYSICAL DESCRIPTION
Number of Pages x, 194 p.
650 #0 - SUBJECT ADDED ENTRY--TOPICAL TERM
Topical Term Atomic structure.
Topical Term Nanostructures.
700 1# - ADDED ENTRY--PERSONAL NAME
Personal name Wang, Cai-Zhuang.
Personal name Ho, Kai-Ming.
856 40 - ELECTRONIC LOCATION AND ACCESS
Uniform Resource Identifier http://site.ebrary.com/lib/rucke/Doc?id=10660615

No items available.

© 2026 Rongo University
Contact us: librarian | system librarian | Rongo university